000 00806cam a22002653a 4500
001 9783
003 PGUSA
005 20140828083216.0
008 060101s2006||||xxu|||||s|||||000 | eng d
040 _aPGUSA
_beng
042 _adc
050 4 _aBS
050 4 _aHQ
100 1 _aCox, F. A.
_q(Francis Augustus),
_d1783-1853
245 1 0 _aFemale Scripture Biography, Volume II :
_bIncluding an Essay on What Christianity Has Done for Women
_h[electronic resource] /
_cF. A. Cox
260 _bProject Gutenberg,
_c2006
506 _aPublic domain in the USA.
516 _aElectronic text
653 _aBible -- Biography
653 _aWomen in the Bible
653 _aWomen -- Religious life
830 0 _aProject Gutenberg
_v9783
856 4 0 _uhttp://www.gutenberg.org/ebooks/9783
942 _cEB
999 _c239039
_d239039